000 00570cam a22002053a 4500
001 43475
003 PGUSA
005 20140828084005.0
008 130815s2013||||xxu|||||s|||||000 | eng d
040 _aPGUSA
_beng
042 _adc
100 1 _aColette,
_d1873-1954
245 1 0 _aLes heures longues :
_b1914 - 1917
_h[electronic resource] /
_cColette
260 _bProject Gutenberg,
_c2013
506 _aPublic domain in the USA.
516 _aElectronic text
830 0 _aProject Gutenberg
_v43475
856 4 0 _uhttp://www.gutenberg.org/ebooks/43475
942 _cEB
999 _c272726
_d272726